Paradox made easy /

Salvato in:
Dettagli Bibliografici
Autore principale: Jones, Edward (Autore)
Natura: Libro
Lingua:inglese
Pubblicazione: Berkeley : McGraw-Hill, 1988
Tags: Aggiungi Tag
Nessun Tag, puoi essere il primo ad aggiungerne!!

MARC

LEADER 00000nam a22000003a 4500
001 stu3352
005 20201005131803.5
008 930319s1988----xxu-----------------eng-d
040 |a STU  |b slo 
041 0 |a eng 
044 |a xxu 
080 |a PARADOX 
080 |a 681.32.016 
080 |a 519.683.5 
080 |a 681.32.06 
100 1 |a Jones, Edward  |4 aut 
245 1 |a Paradox made easy /  |c [aut.] Jones,E 
260 |a Berkeley :  |b McGraw-Hill,  |c 1988 
300 |a 329 s 
996 |b 284IK06909  |c I*10DS3951  |l II680  |s A  |a 24  |w stu3352_0001